[Event "Bangkok Assumption op"]
[Site "Bangkok"]
[Date "2017.03.11"]
[Round "2"]
[White "Tuorila, Nina"]
[Black "Sela, Prajak"]
[Result "1-0"]
[WhiteElo "1146"]
[BlackElo "1627"]
[PlyCount "111"]
[EventDate "2017.03.10"]
[EventType "swiss"]
[EventRounds "9"]
[EventCountry "THA"]
[SourceTitle "EXT 2018"]
[Source "ChessBase"]
[SourceDate "2017.10.13"]
[SourceVersion "1"]
[SourceVersionDate "2017.10.13"]
[SourceQuality "1"]

1. e4 c5 2. Nf3 g6 3. Bc4 Bg7 4. 0-0 Nc6 5. d3 d6 6. h3 Nf6 7. Be3 0-0 8. Nc3 Na5 9. Bb3 Nxb3 10. axb3 b6 11. Qe2 Bb7 12. Rfe1 Bc6 13. Bf4 e5 14. Bh2 b5 15. Na2 b4 16. c3 a5 17. Qe3 Bd7 18. d4 cxd4 19. cxd4 exd4 20. Nxd4 Re8 21. f3 Bc8 22. Nb5 Bf8 23. Rad1 Ra6 24. e5 Nd7 25. Qc1 Qb6+ 26. Nd4 dxe5 27. Qe3 Bc5 28. Kh1 Bxd4 29. Rxd4 Qxd4 30. Qxd4 exd4 31. Rxe8+ Kg7 32. Rxc8 Re6 33. Nc1 Re1+ 34. Bg1 Nf6 35. Kh2 Rd1 36. Rd8 Rxc1 37. Bxd4 Re1 38. Ra8 Rd1 39. Be5 Rd5 40. Bc7 Rd3 41. Be5 Rd5 42. f4 g5 43. Ra6 gxf4 44. Bxf6+ Kg6 45. Bd8+ Kf5 46. Rxa5 Ke4 47. Rxd5 Kxd5 48. Bc7 Ke4 49. Bd6 f3 50. gxf3+ Kxf3 51. Bxb4 f5 52. Bd2 Ke2 53. Bh6 Kd3 54. b4 Kc4 55. Bd2 f4 56. Kg2 1-0